Top Five Countries By Cultural Objects - Statistics

General Stats
  • This quiz has been taken 68 times
  • The average score is 19 of 25
Answer Stats
Object Country % Correct
Pyramids Egypt
100%
Castles, Synagogues, Opera Houses United Kingdom
100%
Castles, Synagogues France
97%
Castles, Museums, Opera Houses Germany
97%
Castles, Churches, Opera Houses Italy
95%
Churches, Synagogues, Museums, Pyramids, Opera Houses, Caves United States
95%
Churches, Pyramids, Caves Mexico
92%
Mosques India
89%
Synagogues Israel
89%
Museums, China China
87%
Churches Brazil
85%
Museums Japan
85%
Mosques Indonesia
82%
Museums Russia
82%
Pyramids Sudan
79%
Opera Houses Austria
77%
Synagogues Canada
77%
Mosques Pakistan
74%
Churches Nigeria
63%
Pyramids Peru
60%
Mosques Bangladesh
52%
Mosques South Africa
42%
Castles Czechia
40%
Caves Vietnam
34%
Caves Slovenia
13%
No matching quizzes found
Score Distribution
Percent of People with Each Score
Percentile by Number Answered
Your Score History
You have not taken this quiz